| 000 | 01060nac a22003137a 4500 | ||
|---|---|---|---|
| 001 | BR8000497 | ||
| 003 | BR-BrBNA | ||
| 005 | 20240105114620.0 | ||
| 008 | 230509b bl.|||m| |||| 00| 0 por d | ||
| 040 |
_aBR-BrBNA _bpor _cBiblioteca Nacional de Agricultura |
||
| 072 | _aF40; F25; F00 | ||
| 090 | _a0336 BR8000497 | ||
| 110 | 1 |
_aCentro Nacional de Pesquisa de Soja, Londrina, PR (Brasil) _91793 |
|
| 245 | 1 | _aEcologia, manejo e adubacao da soja [Glycine max; Pratica cultural; Brasil] | |
| 246 | 1 | _aSoybean ecology, handling and manuring [Glycine max; Cultural practive; Brazil] | |
| 260 | 3 |
_aLondrina, PR (Brasil): _c1979. |
|
| 300 | _a91 p. | ||
| 490 |
_aCircular Tecnica - Centro Nacional de Pesquisa de Soja (Brazil) _vno. 2 _x |
||
| 650 | _aEcologia vegetal | ||
| 650 | _aFertilidade do solo | ||
| 650 | _aProducao vegetal | ||
| 650 | _aSoja | ||
| 650 | _aMeio Ambiente | ||
| 650 | _aPratica cultural | ||
| 650 | _aAdubacao | ||
| 650 | _aNutricao vegetal | ||
| 909 |
_a202312 _bLúcia Elande _c55 _dLúcia Elande |
||
| 942 |
_2AGRIS _n0 _cMS |
||
| 999 |
_c270363 _d270363 |
||